000 03314nam0a2200409 4500
001 RU\NLR\BIBL_A\011865365
005 20221028111632.0
010 _a978-5-8311-1139-2
_9100
021 _aRU
_bКН-П-18-080112
_9КН-П-18-5805
035 _a(NLR Aleph) 011865365
035 _a(RuMoRGB)009783438
090 _a12175453
_c12175453
100 _a20181119d2018 k y0rusy50 ca
101 0 _arus
_aeng
102 _aRU
105 _aac||z|||100zy
200 1 _aАктуальные проблемы технологического и экономического образования
_eматериалы V всероссийской научно-практической конференции с международным участием, 20 февраля 2018
_fМинистерство образования и науки Российской Федерации, Федеральное государственное бюджетное образовательное учреждение высшего образования "Владимирский государственный университет имени Александра Григорьевича и Николая Григорьевича Столетовых" (ВлГУ), Кафедра технологического и экономического образования [и др.
_gпод редакцией Г. А. Молевой]
210 _aВладимир
_cТранзит-ИКС
_d2018
215 _a196 с.
_cил., портр. табл.
_d20
300 _aТекст рус., англ.
320 _aБиблиогр. в конце ст.
606 1 _aУчителя технологии
_xПодготовка
_jСъезды, совещания и т.п
_2nlr_sh1
_2nlr_sh2
_3RU\NLR\AUTH\661281664
606 1 _aУчителя экономики
_xПодготовка
_jСъезды, совещания и т.п
_2nlr_sh1
_2nlr_sh2
_3RU\NLR\AUTH\661382320
606 1 _aТехнология
_xПреподавание
_xСредняя школа
_jСъезды, совещания и т.п
_2nlr_sh2
_3RU\NLR\AUTH\661340204
606 1 _aЭкономика
_xПреподавание
_xСредняя школа
_jСъезды, совещания и т.п
_2nlr_sh2
_3RU\NLR\AUTH\661245900
686 1 _aЧ489.518.269.6я431
686 1 _aЧ489.518.268.1я431
686 1 _aЧ426.81я431
686 1 _aЧ426.96я431
702 1 _aМолева
_bГ. А.
_gГалина Аркадьевна
_4340
711 1 2 _a"Актуальные проблемы технологического и экономического образования", всероссийская научно-практическая конференция с международным участием
_d5
_f2018
_eВладимир
_3RU\NLR\AUTH\880488432
712 0 2 _aВладимирский государственный университет им. А. Г. и Н. Г. Столетовых
_bПедагогический институт
_bКафедра технологического и экономического образования
_3RU\NLR\AUTH\880444518
_4570
942 _cBOOK
980 _aNBR
980 _aNB